000 00374nam a2200157 4500
001 45294
090 _a45294
100 _a20251211 pory50
101 _apor
102 _aPT
200 _aMonte-Carlo
_fÉdouard de Keyser
210 _aPorto
_cEditorial «O Primeiro de Janeiro»
_d1948
215 _a220 p.
675 _a821.133.1(493)-31
801 _aPT
_gRPC
990 _cLIVROS